Movies Quiz

Random Movies or Oscar Quiz

Oscar-Nominated Actors 2015 Quiz Stats

Quiz Updated Feb 17, 2015

Challenge
Share
Tweet
Score 0/20 Timer 08:00
0 Plays Today
% Correct
Bradley Cooper
90.3%
Benedict Cumberbatch
89.5%
Reese Witherspoon
89.4%
Meryl Streep
84.9%
Michael Keaton
82.2%
Emma Stone
82%
Julianne Moore
79%
Keira Knightley
78.6%
Steve Carell
77.7%
Edward Norton
75%
% Correct
Patricia Arquette
67%
Ethan Hawke
66%
Eddie Redmayne
65%
Robert Duvall
64.3%
Mark Ruffalo
64%
J.K. Simmons
53%
Marion Cotillard
51.9%
Rosamund Pike
49.5%
Laura Dern
46.6%
Felicity Jones
37.2%

You're not logged in!

Compare scores with friends on all Sporcle quizzes.
Join for Free
OR
Log In

You Might Also Like...

Show Comments

Extras

Top Quizzes Today


Score Distribution

Your Account Isn't Verified!

In order to create a playlist on Sporcle, you need to verify the email address you used during registration. Go to your Sporcle Settings to finish the process.

Report this User

Report this user for behavior that violates our Community Guidelines.

Details: